01240cam a22003017a 4500003000500000005001700005008004100022010001000063011001000073035001000083040000900093082002300102110005800125245003500183260004400218300000600262500022200268590004100490590004100531590004100572590004200613650004800655901000700703942001000710949006900720999001700789952013200806CHAP20220329135803.0971013s1941 r 00010 d a42132 a43104 a47240 cCHAP a728.083bM49c 1939 aMéxico. Dirección General de Estadística976986 0aCenso de edificios (2o.), 1939 aMéxico, D.F. :bLa Dirección,c1941 av aLa biblioteca tiene: Aguascalientes, Baja california Norte, Baja California Sur, Campeche, Coahuila, Colima, Chiapas, Chihuahua, Distrito Federal, Durango, Guanajuato, Guerrero, Hidalgo, Jalisco, México, Michoacán aBATCH-UPDb10c20130110lUCH01h2121 aBATCH-UPDb10c20130410lUCH01h1431 aBATCH-UPDb10c20130914lUCH01h1235 aCONVERSIONb10c20130109lUCH01h132314aEdificiosxEstadísticaszMéxico.935370 aBK cLIBRO a728.083 M49c 1939bBCcBPAd-107390eBPAfMich.h26097i47240si c42132d42132 01104053708MDaBCbBCd2019-12-31fLIBROi127l0o728.083 M49c 1939p-107390r2019-12-31 00:00:00tMich.w2019-12-31yLIBRO